Studi linguistici
Na minha lista:
| Autor principal: | |
|---|---|
| Formato: | Livro |
| Idioma: | Língua italiana |
| Publicado em: |
Pisa
Pacini Editore
1982
|
| Edição: | 1a. ed |
| Assuntos: | |
| Tags: |
Adicionar Tag
Sem tags, seja o primeiro a adicionar uma tag!
|
MARC
| LEADER | 00000cam a2200000 a 4500 | ||
|---|---|---|---|
| 001 | UCD9182 | ||
| 003 | CL-VaPUC | ||
| 008 | 170609e19820000it |||||||||||||||||ita|d | ||
| 082 | 0 | 4 | |a 410 |b BOL |2 21 |
| 100 | 0 | |a Bolelli, Tristano |e author |9 592876 | |
| 245 | 1 | 0 | |a Studi linguistici |
| 250 | |a 1a. ed | ||
| 300 | |a 392 p | ||
| 942 | |c BK | ||
| 945 | |d 20170609 16:51:00 |a dcastane | ||
| 260 | |a Pisa |b Pacini Editore |c 1982 | ||
| 650 | 0 | |a Lingüística |9 265068 | |
| 650 | 0 | |a Investigación lingüística |9 329785 | |
| 583 | |a last modification |c 20170609 16:51:00 |k Rodrigo Vera | ||
| 999 | |c 368445 |d 368443 | ||
| 952 | |0 0 |1 0 |3 erb |4 0 |6 410_000000000000000_BOL_1982 |7 0 |8 A |9 483776 |a FDOLAF |b FDOLAF |e Laffi, Umberto, 1939- |i 5396271 |o 410 BOL 1982 |p 5396271 |r 2024-01-30 |w 2019-11-24 |y BK |z Catalogado en:20170609 |k LAF | ||